| 000 | 00770nam a2200253 a 4500 | ||
|---|---|---|---|
| 001 | BRCA_8178 | ||
| 005 | 20190320210150.0 | ||
| 008 | 070514s1960----mx-a###f##---#000-0#spa-# | ||
| 041 | _aspa | ||
| 044 | _amx | ||
| 050 | 4 |
_aN6545 _b.A78 _c1960 |
|
| 110 | 2 |
_aMuseo Nacional de Arte Moderno _920376 |
|
| 245 | 1 | 0 |
_aArte canadiense _bThe National Gallery of Canada. _cMuseo Nacional de Arte Moderno. |
| 260 |
_aMéxico _bINBA _c1960 |
||
| 300 |
_a1 v. _bil. (algunas a color) _c14 cm. |
||
| 500 | _aX82 | ||
| 610 | 2 | 4 |
_aThe National Gallery of Canada _920377 |
| 650 | 1 | 4 |
_aArte _vHistoria _zCanadá _920378 |
| 650 | 1 | 4 |
_aArte _vCatálogo _zCanadá _920379 |
| 651 | 4 |
_aCanadá _vArte _920380 |
|
| 651 | 4 |
_aCanadá _vGalerías y museos _920381 |
|
| 902 | _aGFM | ||
| 942 |
_2lcc _cB |
||
| 999 |
_c7846 _d7846 |
||